Wuthering Heights : (Record no. 18780)
[ view plain ]
| 000 -LEADER | |
|---|---|
| fixed length control field | 01363cam a2200385 a 4500 |
| 001 - CONTROL NUMBER | |
| control field | 18780 |
| 003 - CONTROL NUMBER IDENTIFIER | |
| rucl marc code | BD-RjUL |
| 005 - DATE AND TIME OF LATEST TRANSACTION | |
| control field | 20211209000331.0 |
| 008 - FIXED-LENGTH DATA ELEMENTS--GENERAL INFORMATION | |
| fixed length control field | 140222t20051991nyu 000 1 eng |
| 020 ## - INTERNATIONAL STANDARD BOOK NUMBER | |
| International Standard Book Number | 0393978893 (pbk. : alk. paper) |
| 035 ## - SYSTEM CONTROL NUMBER | |
| System control number | (BD-RjUL)18838 |
| 040 ## - CATALOGING SOURCE | |
| Original cataloging agency | DLC |
| Transcribing agency | DLC |
| Modifying agency | DLC |
| -- | BD-RjUL |
| Language of cataloging | eng |
| 041 ## - LANGUAGE CODE | |
| Language code of text/sound track or separate title | eng |
| 082 00 - DEWEY DECIMAL CLASSIFICATION NUMBER | |
| Classification number | 823.8 |
| Edition number | 21 |
| Author mark and year | BRW 2005 |
| 100 1# - MAIN ENTRY--PERSONAL NAME | |
| Personal name | Brontë, Emily, |
| Dates associated with a name | 1818-1848. |
| 9 (RLIN) | 57896 |
| 245 10 - TITLE STATEMENT | |
| Title | Wuthering Heights : |
| Remainder of title | the 1847 text, backgrounds and contexts, criticism / |
| Statement of responsibility, etc. | Emily Brontë ; edited by Richard J. Dunn. |
| 250 ## - EDITION STATEMENT | |
| Edition statement | 4th ed. |
| 260 ## - PUBLICATION, DISTRIBUTION, ETC. (IMPRINT) | |
| Place of publication, distribution, etc. | New York : |
| Name of publisher, distributor, etc. | Norton, |
| Date of publication, distribution, etc. | c1991 [2005]. |
| 300 ## - PHYSICAL DESCRIPTION | |
| Pagination | xiii, 432 p. ; |
| Size | 22 cm. |
| 504 ## - BIBLIOGRAPHY, ETC. NOTE | |
| Bibliography, etc | Includes bibliographical references (p. 431-432). |
| 600 10 - SUBJECT ADDED ENTRY--PERSONAL NAME | |
| Personal name | Brontë, Emily, |
| Dates associated with a name | 1818-1848. |
| 650 #0 - SUBJECT ADDED ENTRY--TOPICAL TERM | |
| Topical term or geographic name as entry element | Triangles (Interpersonal relations) |
| Form subdivision | Fiction. |
| 9 (RLIN) | 57899 |
| Topical term or geographic name as entry element | Rejection (Psychology) |
| Form subdivision | Fiction. |
| 9 (RLIN) | 57900 |
| Topical term or geographic name as entry element | Rural families |
| Form subdivision | Fiction. |
| 9 (RLIN) | 57901 |
| Topical term or geographic name as entry element | Foundlings |
| Form subdivision | Fiction. |
| 9 (RLIN) | 57902 |
| 651 #0 - SUBJECT ADDED ENTRY--GEOGRAPHIC NAME | |
| Geographic name | Yorkshire (England) |
| Form subdivision | Fiction. |
| 9 (RLIN) | 57903 |
| 700 1# - ADDED ENTRY--PERSONAL NAME | |
| Personal name | Dunn, Richard J., |
| Dates associated with a name | 1938- |
| 942 ## - ADDED ENTRY ELEMENTS (KOHA) | |
| Source of classification or shelving scheme | Dewey Decimal Classification |
| Koha item type | Books |
| Lost status | Source of classification or shelving scheme | Damaged status | Not for loan | Collection code | Permanent Location | Current Location | Shelving location | Date acquired | Source of acquisition | Cost, normal purchase price | Total Checkouts | Full call number | Date last seen | Date checked out | Copy number | Koha item type |
|---|---|---|---|---|---|---|---|---|---|---|---|---|---|---|---|---|
| Dewey Decimal Classification | Fiction | Central Library, University of Rajshahi | Central Library, University of Rajshahi | 10/03/2008 | Paragon Enterprise | 225.00 | 2 | 823.8 BRW 2005 | 07/08/2022 | 05/07/2022 | C-4 | Books | ||||
| Dewey Decimal Classification | Fiction | Central Library, University of Rajshahi | Central Library, University of Rajshahi | 10/03/2008 | Paragon Enterprises Dhaka | 225.00 | 4 | 823.8 BRW 2005 | 07/02/2024 | 21/01/2024 | C-2 | Books | ||||
| Dewey Decimal Classification | Not For Loan | Fiction | Central Library, University of Rajshahi | Central Library, University of Rajshahi | Reading Room | 10/03/2008 | Paragon enterprises ltd., Dhaka | 225.00 | 823.8 BRW 2005 | 02/02/2017 | C-1 | Books | ||||
| Dewey Decimal Classification | Non-fiction | Central Library, University of Rajshahi | Central Library, University of Rajshahi | General Stacks | 10/03/2008 | Paragon | 225.00 | 823.8 BRW 2005 | 27/12/2023 | C-3 | Books |